| 000 | 00417nab a2200145Ia 4500 | ||
|---|---|---|---|
| 003 | ES-SlBCS | ||
| 005 | 20210601131732.0 | ||
| 008 | 140529s1954 xxu||||| |||| 00| 0 fre d | ||
| 041 | _afre | ||
| 100 | 1 |
_aMartel, Pierre-Albin _9188289 |
|
| 245 | 0 | 0 |
_aGenève: illusion ou alibi? _c Pierre-Albin Martel |
| 650 | 0 | 4 |
_aGinebra _9188427 |
| 773 | 0 |
_tVie Intelectuelle (La) _gnº. 4, 1954, págs. 94-98 _wRev907 |
|
| 942 | _cAR | ||
| 999 |
_c567899 _d567899 |
||